Natural bent (Record no. 365399)

000 -LEADER
fixed length control field 00328cam a22001337a 4500
008 - FIXED-LENGTH DATA ELEMENTS--GENERAL INFORMATION
fixed length control field 180718b1960 xxu||||| |||| 00| 0 eng d
082 ## - DEWEY DECIMAL CLASSIFICATION NUMBER
Classification number A99 F46
100 ## - MAIN ENTRY--PERSONAL NAME
Personal name Fielden, Lionel
245 ## - TITLE STATEMENT
Title Natural bent
Statement of responsibility, etc. by L. Fielden
260 ## - PUBLICATION, DISTRIBUTION, ETC.
Place of publication, distribution, etc. London
Name of publisher, distributor, etc. Deutsch
Date of publication, distribution, etc. 1960
300 ## - PHYSICAL DESCRIPTION
Extent 336p.
500 ## - GENERAL NOTE
General note 25/-
650 ## - SUBJECT ADDED ENTRY--TOPICAL TERM
Topical term or geographic name entry element Fielden, Lionel, 1896
Holdings
Withdrawn status Lost status Damaged status Not for loan Permanent Location Current Location Date acquired Full call number Barcode Date last seen Price effective from Koha item type
        Indian Institute of Public Administration Indian Institute of Public Administration 1994-04-19 A99 F46 26142 2018-07-21 2018-07-21 Book

Powered by Koha